Veerashaivism in Maharashtra : A sociological analysis with special reference to Kolhapur district (Record no. 22698)

MARC details
000 -LEADER
fixed length control field 00544nam a2200157Ia 4500
082 ## - DEWEY DECIMAL CLASSIFICATION NUMBER
Classification number TG.0298
100 ## - MAIN ENTRY--AUTHOR NAME
Personal name Ghugare, Suryakant Balasheb
245 #0 - TITLE STATEMENT
Title Veerashaivism in Maharashtra : A sociological analysis with special reference to Kolhapur district
260 ## - PUBLICATION, DISTRIBUTION, ETC. (IMPRINT)
Year of publication 1989
Name of publisher Shivaji University
300 ## - PHYSICAL DESCRIPTION
Number of Pages v.p. + C D - 35
650 ## - SUBJECT ADDED ENTRY--TOPICAL TERM
Topical Term RELIGION AND SOCIOLOGY - MAHARASHTRA - KOLHAPUR DISTRICT
650 ## - SUBJECT ADDED ENTRY--TOPICAL TERM
Topical Term SAIVISM///VEERASHAIVISM
650 ## - SUBJECT ADDED ENTRY--TOPICAL TERM
Topical Term VEERASHAIVISM - MAHARASHTRA - KOLHAPUR DISTRICT
710 ## - ADDED ENTRY--CORPORATE NAME
Corporate name or jurisdiction name as entry element Madgulkar, A.D.
942 ## - ADDED ENTRY ELEMENTS (KOHA)
Koha item type Thesis
Source of classification or shelving scheme Dewey Decimal Classification
Holdings
Withdrawn status Lost status Damaged status Not for loan Home library Current library Date acquired Bill Date Full call number Accession Number Price effective from Koha item type
        NASSDOC Library NASSDOC Library 08/10/2004 2008-12-30 TG.0298 34002 18/04/2019 Thesis